La Littérature en 10 questions #1 - Statistiques

Statistiques générales
  • Ce quiz a été pris 129 fois
    101 depuis la dernière actualisation
  • Le résultat moyen est 6 sur 10
Statistiques - réponses
Hint Réponse % Correct
Dans quel pays est né Victor Hugo ? France
97%
Quel roman de George Orwell met en scène une société surveillée par Big Brother ? 1984
92%
Qui est l’auteur de Harry Potter ? J.K Rowling
90%
Quel est le prénom du célèbre détective créé par Arthur Conan Doyle ? Sherlock
90%
Quel est le titre du roman dans lequel on suit un jeune orphelin nommé Oliver ? Oliver Twist
86%
Dans Le Petit Prince, quel objet le héros demande-t-il au narrateur de dessiner ? Mouton
78%
Quel écrivain latin a rédigé Les Métamorphoses ? Ovide
55%
Quel roman commence par la phrase : « Longtemps, je me suis couché de bonne heure » ? Du coté de chez Swann
25%
Quel auteur russe a écrit Crime et Châtiment ? Fiodor Dostoïevski
18%
Quel prix Nobel de littérature français a été décerné en 2014 ? Patrick Modiano
7%
Aucun quiz correspondant
Distribution des résultats
% des personnes avec chaque résultat
Percentile par nombre de réponses
Votre historique - résultats
Vous n’avez pas pris ce quiz depuis la dernière actualisation